[Event "SUI Cup final"]
[Site "Baden"]
[Date "2002.08.25"]
[Round "?"]
[White "Schaufelberger, Heinz"]
[Black "Pinol Fulgoni, Fabrice"]
[Result "1/2-1/2"]
[WhiteElo "2281"]
[BlackElo "2174"]
[PlyCount "130"]
[EventDate "2002.08.25"]
[EventType "k.o."]
[EventRounds "1"]
[EventCountry "SUI"]
[SourceTitle "EXT 2006"]
[Source "ChessBase"]
[SourceDate "2005.11.24"]
[SourceVersion "1"]
[SourceVersionDate "2005.11.24"]
[SourceQuality "1"]

1. d4 Nf6 2. c4 g6 3. Nc3 Bg7 4. e4 d6 5. Nf3 0-0 6. Be2 e5 7. 0-0 Nc6 8. d5 Ne7 9. Nd2 a5 10. Rb1 Nd7 11. a3 f5 12. b4 Kh8 13. f3 Ng8 14. Qc2 Ngf6 15. Bd3 f4 16. c5 axb4 17. axb4 dxc5 18. Nb5 c6 19. dxc6 bxc6 20. Nd6 cxb4 21. Qxc6 Qb6+ 22. Qxb6 Nxb6 23. Rxb4 Ba6 24. Bxa6 Rxa6 25. N2c4 Nfd7 26. Bb2 Nxc4 27. Nxc4 Rc8 28. Ra1 Rac6 29. Rb7 Rxc4 30. Rxd7 Rc2 31. Rb7 Rd8 32. h4 Kg8 33. Kh2 Rdd2 34. Rxg7+ Kxg7 35. Bxe5+ Kf7 36. Rg1 Rc5 37. Bxf4 Re2 38. Kg3 h5 39. Bg5 Rc3 40. Kh2 Rxf3 41. e5 Rff2 42. Kg3 Ke6 43. Be3 Rf5 44. Bf4 Re4 45. Rf1 Rexe5 46. Rf3 Re4 47. Bh6 Rxf3+ 48. gxf3 Re5 49. Bf4 Rf5 50. Bh6 Kd5 51. Be3 Kc4 52. Kf2 Kd3 53. Bh6 Rc5 54. Bf4 Rc2+ 55. Kf1 Rc4 56. Bg5 Rc5 57. Bh6 Ra5 58. Kf2 Ra2+ 59. Kf1 Kd4 60. Bg5 Ra5 61. Bh6 Ke5 62. Kf2 Ra2+ 63. Kf1 Kf5 64. Bg5 Ra5 65. Bh6 Ra2 1/2-1/2

[Event "EU-chT U18 2nd"]
[Site "Balatonlelle"]
[Date "2001.06.29"]
[Round "7"]
[White "Pinol Fulgoni, Fabrice"]
[Black "Lupulescu, Constantin"]
[Result "0-1"]
[WhiteElo "2133"]
[BlackElo "2371"]
[PlyCount "104"]
[EventDate "2001.06.22"]
[EventType "team-swiss"]
[EventRounds "7"]
[EventCountry "HUN"]
[SourceTitle "EXT 2020"]
[Source "ChessBase"]
[SourceDate "2019.10.17"]
[SourceVersion "1"]
[SourceVersionDate "2019.10.17"]
[SourceQuality "1"]
[WhiteTeam "Switzerland U18"]
[BlackTeam "Romania U18"]
[WhiteTeamCountry "SUI"]
[BlackTeamCountry "ROU"]

1. e4 c5 2. Nf3 Nc6 3. Bb5 g6 4. Bxc6 bxc6 5. 0-0 Bg7 6. Re1 e5 7. c3 Qb6 8. Na3 Ba6 9. d3 Ne7 10. Nc4 Qc7 11. Qa4 Bb5 12. Qa3 Bxc4 13. dxc4 d6 14. b4 cxb4 15. cxb4 0-0 16. Bb2 Rfb8 17. Bc3 f6 18. Rad1 Bf8 19. Rd3 a5 20. bxa5 c5 21. Bd2 Nc6 22. Rb3 Nxa5 23. Rxb8 Qxb8 24. Bxa5 Qa7 25. Re2 Qxa5 26. Qxa5 Rxa5 27. Ne1 Bh6 28. f3 Ra4 29. Rc2 Be3+ 30. Kf1 Kg7 31. Nd3 h5 32. Ke2 Bg1 33. h3 Bd4 34. Nc1 h4 35. Kd3 Ra3+ 36. Nb3 Kh6 37. Re2 Kg5 38. Rd2 Kf4 39. Ke2 f5 40. exf5 gxf5 41. Rc2 Ra8 42. Nc1 e4 43. fxe4 fxe4 44. Kf1 Ra3 45. Ke2 Kg3 46. Kf1 Ra8 47. Ne2+ Kh2 48. Nc1 Rf8+ 49. Ke1 Be5 50. Re2 Bg3+ 51. Kd2 e3+ 52. Kd3 Bf2 0-1